[Event "SVK-chT1W 2223"]
[Site "Slovakia"]
[Date "2023.03.12"]
[Round "11.3"]
[White "Federic, Jozef"]
[Black "Obona, Jan"]
[Result "0-1"]
[WhiteElo "2228"]
[BlackElo "2135"]
[PlyCount "112"]
[EventDate "2022.10.15"]
[EventType "team-tourn"]
[EventRounds "11"]
[EventCountry "SVK"]
[SourceTitle "EXT 2024"]
[Source "ChessBase"]
[SourceDate "2023.10.10"]
[SourceVersion "1"]
[SourceVersionDate "2023.10.10"]
[SourceQuality "1"]
[WhiteTeam "Bratislava Doprastav"]
[BlackTeam "Povazska Bystrica"]
[WhiteTeamCountry "SVK"]
[BlackTeamCountry "SVK"]

1. d4 d5 2. c4 e6 3. Nf3 c6 4. Qc2 Nf6 5. g3 Be7 6. Bg2 0-0 7. 0-0 Nbd7 8. b3 b6 9. Nc3 Bb7 10. e4 Rc8 11. e5 Ne8 12. h4 h6 13. Bf4 Nc7 14. Rfe1 c5 15. Rad1 a6 16. Qd2 Kh7 17. Qd3+ Kg8 18. Qe3 b5 19. dxc5 Bxc5 20. Qc1 bxc4 21. bxc4 Bb4 22. Re2 Bxc3 23. Qxc3 Nb5 24. Qe3 Rxc4 25. Rb2 Qb6 26. Bxh6 Qxe3 27. Bxe3 Rfc8 28. Bf1 Rc2 29. Bxb5 axb5 30. Rdb1 Rxb2 31. Rxb2 Ba6 32. Kg2 Rc4 33. Nd2 Ra4 34. f4 d4 35. Bg1 Nc5 36. Nb3 Bb7+ 37. Kh3 Nxb3 38. Rxb3 Rxa2 39. Rxb5 Bg2+ 40. Kg4 d3 41. Rb4 Bf1 42. Be3 d2 43. Bxd2 Rxd2 44. Rb8+ Kh7 45. Rb7 Be2+ 46. Kh3 Kg6 47. Rc7 Kh5 48. Kg2 Bg4+ 49. Kg1 Kg6 50. Ra7 Bh5 51. Ra8 Kf5 52. Rh8 g6 53. Rc8 Bf3 54. h5 Kg4 55. hxg6 Kxg3 56. Rc1 Rh2 0-1

[Event "SVK-chT1W 2223"]
[Site "Slovakia"]
[Date "2023.03.11"]
[Round "10.3"]
[White "Obona, Jan"]
[Black "Janko, Michal"]
[Result "0-1"]
[WhiteElo "2135"]
[BlackElo "2225"]
[PlyCount "84"]
[EventDate "2022.10.15"]
[EventType "team-tourn"]
[EventRounds "11"]
[EventCountry "SVK"]
[SourceTitle "EXT 2024"]
[Source "ChessBase"]
[SourceDate "2023.10.10"]
[SourceVersion "1"]
[SourceVersionDate "2023.10.10"]
[SourceQuality "1"]
[WhiteTeam "Povazska Bystrica"]
[BlackTeam "Bratislava Lokomotiva"]
[WhiteTeamCountry "SVK"]
[BlackTeamCountry "SVK"]

1. Nf3 d6 2. c4 e5 3. Nc3 f5 4. d3 Nf6 5. e3 g6 6. Be2 Bg7 7. 0-0 0-0 8. Rb1 Nc6 9. b4 h6 10. b5 Ne7 11. c5 Be6 12. a4 dxc5 13. Nxe5 Ng4 14. d4 Nxe5 15. dxe5 Qxd1 16. Rxd1 Bxe5 17. Bb2 Rad8 18. Bf3 b6 19. h3 Kf7 20. g3 Bb3 21. Rxd8 Rxd8 22. Ba1 Bc2 23. Rc1 Bxc3 24. Bxc3 Bxa4 25. Ra1 Bxb5 26. Rxa7 Rd7 27. g4 Bc6 28. Be2 Nc8 29. Ra1 Nd6 30. gxf5 gxf5 31. f3 b5 32. Kf2 b4 33. Be5 Ke6 34. Bf4 Bd5 35. Rg1 c4 36. Rg6+ Ke7 37. Rxh6 Nf7 38. Rh7 Ke8 39. Rh5 b3 40. Bd1 c3 41. e4 b2 42. Bc2 Bb3 0-1

[Event "SVK-chT1W 2122"]
[Site "Slovakia"]
[Date "2022.04.24"]
[Round "9.3"]
[White "Borhy, Marcell Boldizsar"]
[Black "Obona, Jan"]
[Result "1-0"]
[WhiteElo "2396"]
[BlackElo "2145"]
[PlyCount "69"]
[EventDate "2021.11.06"]
[EventType "team-tourn"]
[EventRounds "11"]
[EventCountry "SVK"]
[SourceTitle "EXT 2023"]
[Source "ChessBase"]
[SourceDate "2022.10.05"]
[SourceVersion "1"]
[SourceVersionDate "2022.10.05"]
[SourceQuality "1"]
[WhiteTeam "Gabcikovo MSK"]
[BlackTeam "Povazska Bystrica"]
[WhiteTeamCountry "SVK"]
[BlackTeamCountry "SVK"]

1. Nf3 d5 2. d4 e6 3. c4 c6 4. Qc2 Nf6 5. g3 Be7 6. Bg2 0-0 7. 0-0 Nbd7 8. Rd1 b6 9. b3 Bb7 10. Nc3 Rc8 11. e4 a5 12. Bf4 Ba6 13. Ne5 Bb4 14. exd5 cxd5 15. a3 Bxc3 16. Qxc3 dxc4 17. Nc6 Rxc6 18. Bxc6 Nd5 19. Qf3 Nxf4 20. Qxf4 Nf6 21. Qf3 Qd6 22. b4 Nd5 23. b5 Bc8 24. Rac1 c3 25. Bxd5 exd5 26. Qxc3 Bg4 27. Re1 Bd7 28. a4 Be6 29. Qc7 Qxc7 30. Rxc7 Rb8 31. Rec1 Bf5 32. f3 Re8 33. g4 Be6 34. Rb7 h5 35. h3 1-0

[Event "SVK-chT1W 1920"]
[Site "Slovakia"]
[Date "2020.02.22"]
[Round "8.3"]
[White "Chlpik, Martin"]
[Black "Obona, Jan"]
[Result "1-0"]
[WhiteElo "2219"]
[BlackElo "2159"]
[PlyCount "57"]
[EventDate "2019.10.12"]
[EventType "team-tourn"]
[EventRounds "11"]
[EventCountry "SVK"]
[SourceTitle "CBM 195 Extra"]
[Source "ChessBase"]
[SourceDate "2020.05.31"]
[SourceVersion "1"]
[SourceVersionDate "2020.05.31"]
[SourceQuality "1"]
[WhiteTeam "Bratislava Doprastav"]
[BlackTeam "Povazska Bystrica"]
[WhiteTeamCountry "SVK"]
[BlackTeamCountry "SVK"]

1. e4 c5 2. Nf3 d6 3. d4 cxd4 4. Nxd4 Nf6 5. Nc3 a6 6. Be3 e5 7. Nf3 Be6 8. Ng5 Qc7 9. Nxe6 fxe6 10. g3 Nc6 11. Bh3 Nd8 12. 0-0 Be7 13. f4 exf4 14. gxf4 0-0 15. Kh1 Rc8 16. Qe2 b5 17. Qg2 b4 18. Ne2 Qb7 19. Nd4 Qxe4 20. Qxe4 Nxe4 21. Nxe6 Rf6 22. Nxg7 Rxc2 23. Nf5 Kf8 24. Bd4 Nd2 25. Rf2 b3 26. Nxe7 Kxe7 27. Bxf6+ Kxf6 28. axb3 Rxb2 29. Rd1 1-0

[Event "SVK-chT2B 1920"]
[Site "Slovakia"]
[Date "2020.02.16"]
[Round "9.1"]
[White "Obona, Jan"]
[Black "Nagy, Tomas"]
[Result "1/2-1/2"]
[WhiteElo "2151"]
[BlackElo "2265"]
[PlyCount "44"]
[EventDate "2019.10.26"]
[EventType "team-tourn"]
[EventRounds "11"]
[EventCountry "SVK"]
[SourceTitle "CBM 195 Extra"]
[Source "ChessBase"]
[SourceDate "2020.05.31"]
[SourceVersion "1"]
[SourceVersionDate "2020.05.31"]
[SourceQuality "1"]
[WhiteTeam "Povazska Bystrica II"]
[BlackTeam "Sala Slovan Duslo"]
[WhiteTeamCountry "SVK"]
[BlackTeamCountry "SVK"]

1. Nf3 d5 2. c4 c6 3. b3 Nf6 4. g3 Bf5 5. Bb2 e6 6. Bg2 h6 7. d3 a5 8. a3 Be7 9. Nbd2 0-0 10. 0-0 Nbd7 11. Qc2 Bh7 12. Bc3 Qb6 13. Qb2 Rfc8 14. b4 axb4 15. axb4 Qd8 16. Rxa8 Rxa8 17. Ra1 dxc4 18. dxc4 Rxa1+ 19. Qxa1 Qb8 20. Ne5 Nxe5 21. Bxe5 Qd8 22. Qc3 Bd6 1/2-1/2

[Event "SVK-chT1W 1920"]
[Site "Slovakia"]
[Date "2019.12.08"]
[Round "6.3"]
[White "Skreno, Vladimir"]
[Black "Obona, Jan"]
[Result "1/2-1/2"]
[WhiteElo "2118"]
[BlackElo "2159"]
[PlyCount "38"]
[EventDate "2019.10.12"]
[EventType "team-tourn"]
[EventRounds "11"]
[EventCountry "SVK"]
[SourceTitle "CBM 193 Extra"]
[Source "ChessBase"]
[SourceDate "2020.01.31"]
[SourceVersion "1"]
[SourceVersionDate "2020.01.31"]
[SourceQuality "1"]
[WhiteTeam "Nitra NSK"]
[BlackTeam "Povazska Bystrica"]
[WhiteTeamCountry "SVK"]
[BlackTeamCountry "SVK"]

1. d4 d5 2. Nf3 e6 3. Bf4 Nf6 4. e3 Bd6 5. Bg5 Nbd7 6. c4 c6 7. Nc3 0-0 8. cxd5 exd5 9. Be2 Re8 10. 0-0 Nf8 11. a3 a5 12. Na4 Bg4 13. Rc1 Ne6 14. Bh4 Rc8 15. Nc5 Bxf3 16. Bxf3 Nxc5 17. dxc5 Be5 18. Qc2 Qc7 19. Bg3 Bxg3 1/2-1/2

[Event "SVK-chT2B 1819"]
[Site "Slovakia"]
[Date "2019.04.07"]
[Round "11.1"]
[White "Obona, Jan"]
[Black "Pacher, Milan"]
[Result "0-1"]
[WhiteElo "2178"]
[BlackElo "2391"]
[PlyCount "66"]
[EventDate "2018.10.13"]
[EventType "team-tourn"]
[EventRounds "11"]
[EventCountry "SVK"]
[SourceTitle "EXT 2020"]
[Source "ChessBase"]
[SourceDate "2019.10.17"]
[SourceVersion "1"]
[SourceVersionDate "2019.10.17"]
[SourceQuality "1"]
[WhiteTeam "Povazska Bystrica"]
[BlackTeam "Topolcany"]
[WhiteTeamCountry "SVK"]
[BlackTeamCountry "SVK"]

1. Nf3 d5 2. c4 d4 3. b4 g6 4. Bb2 Bg7 5. g3 e5 6. d3 Ne7 7. Bg2 0-0 8. 0-0 a5 9. b5 c5 10. bxc6 Nexc6 11. Na3 Re8 12. Nb5 Na6 13. Rb1 Bf5 14. Nd2 Nab4 15. Nb3 Nxa2 16. Nc5 Qe7 17. Na4 Rad8 18. Nb6 e4 19. Nd5 Qc5 20. Nbc7 Re5 21. f4 exf3 22. Bxf3 Nc3 23. Bxc3 dxc3+ 24. Kg2 Nd4 25. Rxb7 Nxf3 26. Rxf3 Qc6 27. Rb6 Qd7 28. Rf2 Rc8 29. Qb3 Rxc7 30. Nxc7 Bh3+ 31. Kg1 Qxc7 32. Rb7 c2 33. Rb8+ Bc8 0-1

[Event "SVK-chT2B 1819"]
[Site "Slovakia"]
[Date "2019.04.06"]
[Round "10.1"]
[White "Dobrotka, Martin"]
[Black "Obona, Jan"]
[Result "1-0"]
[WhiteElo "2176"]
[BlackElo "2178"]
[PlyCount "65"]
[EventDate "2018.10.13"]
[EventType "team-tourn"]
[EventRounds "11"]
[EventCountry "SVK"]
[SourceTitle "EXT 2020"]
[Source "ChessBase"]
[SourceDate "2019.10.17"]
[SourceVersion "1"]
[SourceVersionDate "2019.10.17"]
[SourceQuality "1"]
[WhiteTeam "Prievidza"]
[BlackTeam "Povazska Bystrica"]
[WhiteTeamCountry "SVK"]
[BlackTeamCountry "SVK"]

1. d4 d5 2. c4 e6 3. Nf3 c6 4. Nc3 dxc4 5. a4 Bb4 6. e3 b5 7. Be2 Nd7 8. 0-0 Qb6 9. Bd2 a5 10. Qc2 Ngf6 11. e4 Bb7 12. e5 Nd5 13. Ne4 Be7 14. Bg5 f6 15. exf6 gxf6 16. Bh6 Qc7 17. Rfc1 Rg8 18. Qd2 Bb4 19. Nc3 Nxc3 20. bxc3 Bf8 21. Rcb1 Ba6 22. Bf4 Bd6 23. Bxd6 Qxd6 24. axb5 Bxb5 25. Qh6 Qf8 26. Qe3 Qd6 27. Nd2 f5 28. Bf3 Ke7 29. Qh6 Raf8 30. Rxa5 Rf7 31. Qh4+ Rf6 32. Qxh7+ Kf8 33. Ra8+ 1-0

[Event "SVK-chT2B 1819"]
[Site "Slovakia"]
[Date "2019.03.02"]
[Round "8.2"]
[White "Chlpik, Martin"]
[Black "Obona, Jan"]
[Result "1-0"]
[WhiteElo "2185"]
[BlackElo "2213"]
[PlyCount "127"]
[EventDate "2018.10.13"]
[EventType "team-tourn"]
[EventRounds "11"]
[EventCountry "SVK"]
[SourceTitle "CBM 189 Extra"]
[Source "ChessBase"]
[SourceDate "2019.06.03"]
[SourceVersion "1"]
[SourceVersionDate "2019.06.03"]
[SourceQuality "1"]
[WhiteTeam "Levice"]
[BlackTeam "Povazska Bystrica"]
[WhiteTeamCountry "SVK"]
[BlackTeamCountry "SVK"]

1. d4 d5 2. Nf3 Nf6 3. g3 e6 4. Bg2 Be7 5. 0-0 0-0 6. c4 c6 7. Qc2 Nbd7 8. Nbd2 b6 9. e4 Bb7 10. Re1 Rc8 11. e5 Ne8 12. b3 Nc7 13. Bb2 a5 14. Rad1 c5 15. Qb1 b5 16. dxc5 Nxc5 17. Nd4 Qe8 18. f4 bxc4 19. bxc4 g6 20. N2b3 a4 21. Nxc5 Bxc5 22. Ba3 Bxa3 23. Qxb7 dxc4 24. Nc2 Bc5+ 25. Kh1 Qb5 26. Qe4 c3 27. Rb1 Qa6 28. g4 Rfd8 29. f5 Qd3 30. Qxa4 exf5 31. gxf5 Qxf5 32. Be4 Qh3 33. Bg2 Qd3 34. Be4 Qd2 35. Rf1 Ne6 36. Rb7 Rf8 37. Rd7 Qe2 38. Re1 Qh5 39. Qa6 Bf2 40. Re2 Bg3 41. Bd5 Rb8 42. Bb3 Rxb3 43. axb3 Qf3+ 44. Rg2 Nf4 45. Qb7 Qxb7 46. Rxb7 Nxg2 47. hxg3 Rd8 48. Rc7 Rd1+ 49. Kxg2 Rd2+ 50. Kf3 Rxc2 51. Ke4 Rc1 52. Kd3 Rg1 53. b4 Rxg3+ 54. Kc2 Re3 55. Rc5 Re2+ 56. Kxc3 Re3+ 57. Kb2 Rd3 58. b5 h5 59. b6 Rd7 60. Rc8+ Kg7 61. Rc7 Rd5 62. b7 Rb5+ 63. Kc3 Kh6 64. Rxf7 1-0

[Event "SVK-chT2B 1819"]
[Site "Slovakia"]
[Date "2018.12.16"]
[Round "6.1"]
[White "Obona, Jan"]
[Black "Srvatka, Igor"]
[Result "1/2-1/2"]
[WhiteElo "2213"]
[BlackElo "2153"]
[PlyCount "32"]
[EventDate "2018.10.13"]
[EventType "team-tourn"]
[EventRounds "11"]
[EventCountry "SVK"]
[SourceTitle "CBM 189 Extra"]
[Source "ChessBase"]
[SourceDate "2019.06.03"]
[SourceVersion "1"]
[SourceVersionDate "2019.06.03"]
[SourceQuality "1"]
[WhiteTeam "Povazska Bystrica"]
[BlackTeam "Trencin"]
[WhiteTeamCountry "SVK"]
[BlackTeamCountry "SVK"]

1. Nf3 Nf6 2. c4 c6 3. g3 d5 4. b3 Bf5 5. Bg2 e6 6. Bb2 h6 7. d3 Nbd7 8. Nbd2 Be7 9. 0-0 0-0 10. a3 a5 11. Qc2 Bh7 12. Bc3 Qb6 13. Qb2 Rfd8 14. b4 axb4 15. axb4 c5 16. bxc5 Qxb2 1/2-1/2

[Event "SVK-chT2B 1819"]
[Site "Slovakia"]
[Date "2018.12.15"]
[Round "5.1"]
[White "Kukucka, Matej"]
[Black "Obona, Jan"]
[Result "1/2-1/2"]
[WhiteElo "2136"]
[BlackElo "2213"]
[PlyCount "45"]
[EventDate "2018.10.13"]
[EventType "team-tourn"]
[EventRounds "11"]
[EventCountry "SVK"]
[SourceTitle "CBM 189 Extra"]
[Source "ChessBase"]
[SourceDate "2019.06.03"]
[SourceVersion "1"]
[SourceVersionDate "2019.06.03"]
[SourceQuality "1"]
[WhiteTeam "Povazske Podhradie"]
[BlackTeam "Povazska Bystrica"]
[WhiteTeamCountry "SVK"]
[BlackTeamCountry "SVK"]

1. d4 d5 2. c4 e6 3. Nc3 c6 4. Nf3 Nf6 5. cxd5 exd5 6. Bg5 Be7 7. e3 Nbd7 8. Qc2 0-0 9. Bd3 Re8 10. 0-0 Nf8 11. h3 Ne4 12. Bxe7 Qxe7 13. Bxe4 dxe4 14. Nd2 f5 15. Rae1 Be6 16. f3 exf3 17. Nxf3 Ng6 18. e4 fxe4 19. Nxe4 Bf5 20. Qb3+ Be6 21. Qc2 Bf5 22. Qb3+ Be6 23. Qc2 1/2-1/2

[Event "SVK-chT2B 1819"]
[Site "Slovakia"]
[Date "2018.11.18"]
[Round "4.1"]
[White "Szucs, Vladimir"]
[Black "Obona, Jan"]
[Result "1/2-1/2"]
[WhiteElo "2144"]
[BlackElo "2209"]
[PlyCount "24"]
[EventDate "2018.10.13"]
[EventType "team-tourn"]
[EventRounds "11"]
[EventCountry "SVK"]
[SourceTitle "CBM 187 Extra"]
[Source "ChessBase"]
[SourceDate "2018.11.04"]
[SourceVersion "1"]
[SourceVersionDate "2018.11.04"]
[SourceQuality "1"]
[WhiteTeam "Surany"]
[BlackTeam "Povazska Bystrica"]
[WhiteTeamCountry "SVK"]
[BlackTeamCountry "SVK"]

1. d4 d5 2. c4 e6 3. Nc3 c6 4. cxd5 exd5 5. Bf4 Bd6 6. Bxd6 Qxd6 7. e3 Bf5 8. Bd3 Bxd3 9. Qxd3 Nf6 10. Nf3 Nbd7 11. 0-0 0-0 12. Rab1 Rfe8 1/2-1/2

[Event "SVK-chT2B 1819"]
[Site "Slovakia"]
[Date "2018.10.14"]
[Round "2.1"]
[White "Obona, Jan"]
[Black "Berek, Geza"]
[Result "1/2-1/2"]
[WhiteElo "2212"]
[BlackElo "2220"]
[PlyCount "22"]
[EventDate "2018.10.13"]
[EventType "team-tourn"]
[EventRounds "11"]
[EventCountry "SVK"]
[SourceTitle "CBM 187 Extra"]
[Source "ChessBase"]
[SourceDate "2018.11.04"]
[SourceVersion "1"]
[SourceVersionDate "2018.11.04"]
[SourceQuality "1"]
[WhiteTeam "Povazska Bystrica"]
[BlackTeam "Batorove Kosihy II"]
[WhiteTeamCountry "SVK"]
[BlackTeamCountry "SVK"]

1. Nf3 g6 2. c4 Bg7 3. Nc3 d6 4. g3 e5 5. Bg2 Nc6 6. 0-0 f5 7. d3 Nf6 8. Rb1 a5 9. Bd2 0-0 10. a3 h6 11. e3 Be6 1/2-1/2

[Event "SVK-chT2B 1819"]
[Site "Slovakia"]
[Date "2018.10.13"]
[Round "1.1"]
[White "Jakab, Bela"]
[Black "Obona, Jan"]
[Result "1-0"]
[WhiteElo "2285"]
[BlackElo "2212"]
[PlyCount "71"]
[EventDate "2018.10.13"]
[EventType "team-tourn"]
[EventRounds "11"]
[EventCountry "SVK"]
[SourceTitle "CBM 187 Extra"]
[Source "ChessBase"]
[SourceDate "2018.11.04"]
[SourceVersion "1"]
[SourceVersionDate "2018.11.04"]
[SourceQuality "1"]
[WhiteTeam "Komarno II"]
[BlackTeam "Povazska Bystrica"]
[WhiteTeamCountry "SVK"]
[BlackTeamCountry "SVK"]

1. e4 c5 2. c3 Nf6 3. e5 Nd5 4. Bc4 Nb6 5. Bb3 c4 6. Bc2 g6 7. Nf3 Bg7 8. 0-0 0-0 9. d4 d5 10. exd6 exd6 11. Re1 Bg4 12. h3 Bxf3 13. Qxf3 Re8 14. Rxe8+ Qxe8 15. Be3 Nc6 16. Nd2 d5 17. b3 cxb3 18. axb3 Qd7 19. Qf4 Nd8 20. Nf3 Ne6 21. Qg3 Qc6 22. Rc1 Rd8 23. Bd3 a5 24. Qh4 a4 25. bxa4 Qxa4 26. Rb1 Qc6 27. Ne5 Bxe5 28. dxe5 Nc4 29. Bxc4 dxc4 30. Rb6 Qc7 31. Qf6 Re8 32. Rd6 Qe7 33. Qf3 Ng5 34. Qd5 h6 35. Rxg6+ Kh7 36. Rf6 1-0

[Event "SVK-chT2B 1617"]
[Site "Slovakia"]
[Date "2017.03.12"]
[Round "11.1"]
[White "Obona, Jan"]
[Black "Lecky, Juraj"]
[Result "1/2-1/2"]
[WhiteElo "2222"]
[BlackElo "2074"]
[PlyCount "23"]
[EventDate "2016.10.08"]
[EventType "team-tourn"]
[EventRounds "11"]
[EventCountry "SVK"]
[SourceTitle "EXT 2018"]
[Source "ChessBase"]
[SourceDate "2017.10.13"]
[SourceVersion "1"]
[SourceVersionDate "2017.10.13"]
[SourceQuality "1"]
[WhiteTeam "Povazska Bystrica II"]
[BlackTeam "Levice"]
[WhiteTeamCountry "SVK"]
[BlackTeamCountry "SVK"]

1. Nf3 Nf6 2. b3 d5 3. Bb2 c5 4. g3 Nc6 5. Bg2 Bf5 6. 0-0 e6 7. d3 Be7 8. c4 h6 9. Na3 0-0 10. Nc2 Bh7 11. Qd2 Qc7 12. Rac1 1/2-1/2

[Event "SVK-chT1W 1617"]
[Site "Slovakia"]
[Date "2017.02.26"]
[Round "9.2"]
[White "Obona, Jan"]
[Black "Farkas, Gabor"]
[Result "0-1"]
[WhiteElo "2222"]
[BlackElo "2368"]
[PlyCount "122"]
[EventDate "2016.10.15"]
[EventType "team-tourn"]
[EventRounds "11"]
[EventCountry "SVK"]
[SourceTitle "EXT 2018"]
[Source "ChessBase"]
[SourceDate "2017.10.13"]
[SourceVersion "1"]
[SourceVersionDate "2017.10.13"]
[SourceQuality "1"]
[WhiteTeam "Povazska Bystrica"]
[BlackTeam "Gabcikovo Russel"]
[WhiteTeamCountry "SVK"]
[BlackTeamCountry "SVK"]

1. Nf3 d5 2. c4 c6 3. b3 Bf5 4. Bb2 e6 5. g3 Nf6 6. Bg2 Be7 7. d3 0-0 8. 0-0 Nbd7 9. Nbd2 h6 10. a3 a5 11. Qc2 Bh7 12. Bc3 c5 13. cxd5 exd5 14. e4 a4 15. exd5 Nxd5 16. Bb2 b5 17. Ne5 Nxe5 18. Bxe5 Nf6 19. Ne4 Nxe4 20. dxe4 Re8 21. bxa4 Rxa4 22. Qb2 Bf8 23. Qxb5 Qa8 24. Bb2 Bxe4 25. Bxe4 Raxe4 26. Bc3 Rb8 27. Qd3 Ra4 28. Be5 c4 29. Qc2 Rc8 30. Qc3 f6 31. Bd4 Rxa3 32. Rxa3 Qxa3 33. Qc2 Qf3 34. Re1 Qd5 35. Be3 f5 36. Rd1 Qe6 37. Rd4 Be7 38. h4 Bf6 39. Rf4 c3 40. Rxf5 Rb8 41. Rc5 Rc8 42. Rxc8+ Qxc8 43. Qg6 c2 44. Bxh6 c1Q+ 45. Bxc1 Qxc1+ 46. Kg2 Qc6+ 47. Kg1 Qe6 48. Kg2 Qf7 49. Qxf7+ Kxf7 50. Kh3 Bd4 51. f4 Kf6 52. Kg4 Kg6 53. Kf3 Kh5 54. Ke4 Bf2 55. Kf3 Be1 56. f5 Bd2 57. Ke2 Bh6 58. Kf3 Bc1 59. Ke4 Kg4 60. Ke5 Bb2+ 61. Ke6 Bf6 0-1

[Event "SVK-chT1W 1617"]
[Site "Slovakia"]
[Date "2017.02.25"]
[Round "8.3"]
[White "Obona, Jan"]
[Black "Szucs, Vladimir"]
[Result "1-0"]
[WhiteElo "2222"]
[BlackElo "2146"]
[PlyCount "79"]
[EventDate "2016.10.15"]
[EventType "team-tourn"]
[EventRounds "11"]
[EventCountry "SVK"]
[SourceTitle "EXT 2018"]
[Source "ChessBase"]
[SourceDate "2017.10.13"]
[SourceVersion "1"]
[SourceVersionDate "2017.10.13"]
[SourceQuality "1"]
[WhiteTeam "Povazska Bystrica"]
[BlackTeam "Podhajska Termal"]
[WhiteTeamCountry "SVK"]
[BlackTeamCountry "SVK"]

1. Nf3 d5 2. c4 c6 3. b3 Bf5 4. Bb2 e6 5. g3 h6 6. Bg2 Nf6 7. d3 Nbd7 8. Nbd2 Be7 9. 0-0 0-0 10. a3 a5 11. Qc2 Bh7 12. Bc3 b5 13. Ne5 Nxe5 14. Bxe5 Nd7 15. Bb2 Bf6 16. Bxf6 Nxf6 17. Nf3 Rc8 18. Rfc1 Qd7 19. Qc3 bxc4 20. bxc4 Qa7 21. cxd5 exd5 22. Qc5 Qxc5 23. Rxc5 Rfe8 24. Bh3 Ra8 25. Nd4 Ra6 26. Rac1 Kf8 27. Rxc6 Rxc6 28. Rxc6 Ra8 29. Rc5 a4 30. Bg2 Bg6 31. Bxd5 Rd8 32. e4 Nxd5 33. exd5 Bxd3 34. f3 Ra8 35. Kf2 Bg6 36. Rc7 Ke8 37. Nc6 Bf5 38. Ke3 g5 39. g4 Bc2 40. d6 1-0

[Event "SVK-chT1W 1617"]
[Site "Slovakia"]
[Date "2016.11.20"]
[Round "4.4"]
[White "Obona, Jan"]
[Black "Kovac, Andrej"]
[Result "1/2-1/2"]
[WhiteElo "2222"]
[BlackElo "2173"]
[PlyCount "115"]
[EventDate "2016.10.15"]
[EventType "team-tourn"]
[EventRounds "11"]
[EventCountry "SVK"]
[SourceTitle "EXT 2018"]
[Source "ChessBase"]
[SourceDate "2017.10.13"]
[SourceVersion "1"]
[SourceVersionDate "2017.10.13"]
[SourceQuality "1"]
[WhiteTeam "Povazska Bystrica"]
[BlackTeam "Bratislava Slovan III"]
[WhiteTeamCountry "SVK"]
[BlackTeamCountry "SVK"]

1. Nf3 Nf6 2. c4 e6 3. Nc3 b6 4. g3 Bb7 5. Bg2 c5 6. 0-0 Be7 7. Re1 0-0 8. e4 d6 9. d4 cxd4 10. Nxd4 a6 11. e5 dxe5 12. Bxb7 Ra7 13. Nc6 Qxd1 14. Nxe7+ Kh8 15. Rxd1 Rxb7 16. Ned5 exd5 17. Nxd5 Nbd7 18. Nxf6 Nxf6 19. Be3 Ng4 20. Rd6 Nxe3 21. fxe3 g6 22. b3 e4 23. Rc1 a5 24. Kf2 Rc8 25. Rd4 Re7 26. Rcd1 Rc6 27. Rd7 Rf6+ 28. Ke2 Ree6 29. Rf1 Rxf1 30. Kxf1 Kg7 31. Ke2 g5 32. Kf2 Rf6+ 33. Kg2 Rf3 34. Re7 Rxe3 35. Kf2 Rc3 36. Rxe4 Rc2+ 37. Re2 Rxe2+ 38. Kxe2 Kf6 39. Kd3 Ke5 40. a3 f5 41. b4 f4 42. gxf4+ gxf4 43. h4 a4 44. h5 h6 45. c5 bxc5 46. bxc5 Kd5 47. c6 Kxc6 48. Ke4 Kc5 49. Kxf4 Kc4 50. Ke4 Kb3 51. Kd3 Kxa3 52. Kc3 Ka2 53. Kc2 a3 54. Kc1 Kb3 55. Kb1 Kc4 56. Ka2 Kd4 57. Kxa3 Ke4 58. Kb2 1/2-1/2

[Event "SVK-chT2B 1516"]
[Site "Slovakia"]
[Date "2016.03.12"]
[Round "10.2"]
[White "Obona, Jan"]
[Black "Vass, Frantisek"]
[Result "1/2-1/2"]
[WhiteElo "2251"]
[BlackElo "2309"]
[PlyCount "82"]
[EventDate "2015.10.17"]
[EventType "team-tourn"]
[EventRounds "11"]
[EventCountry "SVK"]
[SourceTitle "EXT 2019"]
[Source "ChessBase"]
[SourceDate "2018.10.10"]
[SourceVersion "1"]
[SourceVersionDate "2018.10.10"]
[SourceQuality "1"]
[WhiteTeam "Povazska Bystrica SKS II"]
[BlackTeam "Podhajska Termal"]
[WhiteTeamCountry "SVK"]
[BlackTeamCountry "SVK"]

1. Nf3 d5 2. c4 e6 3. g3 Nf6 4. Bg2 Be7 5. 0-0 0-0 6. b3 Nbd7 7. Bb2 c6 8. d3 a5 9. Nc3 Nc5 10. Qc2 Rb8 11. Rfd1 b5 12. d4 Ncd7 13. Ne5 Qc7 14. cxb5 cxb5 15. Rac1 Qd6 16. e4 Ba6 17. Nc6 Rbc8 18. exd5 exd5 19. Nxd5 Nxd5 20. Bxd5 Bg5 21. Bg2 Bxc1 22. Rxc1 Nf6 23. d5 Rfe8 24. Qf5 Bb7 25. Bxf6 Bxc6 26. dxc6 Qxf6 27. Qxf6 gxf6 28. Rc5 Re1+ 29. Bf1 b4 30. Rxa5 Rxc6 31. Kg2 Rb6 32. Ra7 Kf8 33. Bc4 Re7 34. Ra8+ Kg7 35. a4 bxa3 36. Rxa3 Rd6 37. Ra5 Rd2 38. Rf5 Re5 39. Rf4 h5 40. h4 f5 41. Rf3 Kf6 1/2-1/2

[Event "SVK-chT2B 1516"]
[Site "Slovakia"]
[Date "2016.02.14"]
[Round "9.4"]
[White "Kukel, Imre1111"]
[Black "Obona, Jan"]
[Result "0-1"]
[WhiteElo "2252"]
[BlackElo "2225"]
[PlyCount "108"]
[EventDate "2015.10.17"]
[EventType "team-tourn"]
[EventRounds "11"]
[EventCountry "SVK"]
[SourceTitle "EXT 2019"]
[Source "ChessBase"]
[SourceDate "2018.10.10"]
[SourceVersion "1"]
[SourceVersionDate "2018.10.10"]
[SourceQuality "1"]
[WhiteTeam "Komarno KSC"]
[BlackTeam "Povazska Bystrica SKS II"]
[WhiteTeamCountry "SVK"]
[BlackTeamCountry "SVK"]

1. e4 c5 2. Nf3 d6 3. d4 cxd4 4. Nxd4 Nf6 5. Nc3 a6 6. Be3 e5 7. Nb3 Be6 8. Qd2 Nbd7 9. f4 b5 10. f5 Bc4 11. 0-0-0 Rc8 12. Kb1 Be7 13. h3 0-0 14. g4 b4 15. Nd5 Nxd5 16. exd5 a5 17. Bxc4 Rxc4 18. Qd3 Rc8 19. Qb5 Ra8 20. g5 Qc7 21. f6 gxf6 22. gxf6 Bxf6 23. Bh6 a4 24. Nd2 b3 25. cxb3 axb3 26. Rc1 Qa7 27. Qxb3 Rfb8 28. Qg3+ Kh8 29. a3 e4 30. Rc2 Be5 31. Qe3 Qxe3 32. Bxe3 Rxa3 33. Nc4 Rd3 34. Rf1 f6 35. Bh6 Rxh3 36. Bc1 Bg3 37. Ne3 Be5 38. Rc7 Nc5 39. Nf5 Nd3 40. b3 Rxb3+ 41. Kc2 Rb8 42. Rg1 Rh2+ 43. Kd1 Nxc1 44. Rxc1 Bf4 45. Ra1 Bg5 46. Nxd6 Rd2+ 47. Ke1 Rxd5 48. Nf7+ Kg7 49. Nxg5 Rxg5 50. Rh1 Rb2 51. Kf1 e3 52. Ra7+ Kg6 53. Raxh7 Rgg2 54. Ke1 Rb1# 0-1